L'intime est-il (in)soluble ? (notice n° 1649887)

détails MARC
000 -LEADER
fixed length control field 00830cam a2200205 4500500
005 - DATE AND TIME OF LATEST TRANSACTION
control field 20260208004823.0
041 ## - LANGUAGE CODE
Language code of text/sound track or separate title fre
042 ## - AUTHENTICATION CODE
Authentication code dc
100 10 - MAIN ENTRY--PERSONAL NAME
Personal name Miedzyrzecki, Jacques
Relator term author
245 00 - TITLE STATEMENT
Title L'intime est-il (in)soluble ?
260 ## - PUBLICATION, DISTRIBUTION, ETC.
Date of publication, distribution, etc. 2010.<br/>
500 ## - GENERAL NOTE
General note 4
520 ## - SUMMARY, ETC.
Summary, etc. RésuméC’est au travers de la notion d’intime envisagée comme un mouvement économique et non comme une catégorie que l’auteur se pose la question des remaniements induits par la modernité postfreudienne et scientifique dans les rapports du sujet avec le monde actuel.
690 ## - LOCAL SUBJECT ADDED ENTRY--TOPICAL TERM (OCLC, RLIN)
Topical term or geographic name as entry element intime
690 ## - LOCAL SUBJECT ADDED ENTRY--TOPICAL TERM (OCLC, RLIN)
Topical term or geographic name as entry element modernité
690 ## - LOCAL SUBJECT ADDED ENTRY--TOPICAL TERM (OCLC, RLIN)
Topical term or geographic name as entry element psychanalyse
690 ## - LOCAL SUBJECT ADDED ENTRY--TOPICAL TERM (OCLC, RLIN)
Topical term or geographic name as entry element voyeurisme
786 0# - DATA SOURCE ENTRY
Note Empan | 77 | 1 | 2010-05-17 | p. 79-81 | 1152-3336
856 41 - ELECTRONIC LOCATION AND ACCESS
Uniform Resource Identifier <a href="https://shs.cairn.info/revue-empan-2010-1-page-79?lang=fr&redirect-ssocas=7080">https://shs.cairn.info/revue-empan-2010-1-page-79?lang=fr&redirect-ssocas=7080</a>

Pas d'exemplaire disponible.

PLUDOC

PLUDOC est la plateforme unique et centralisée de gestion des bibliothèques physiques et numériques de Guinée administré par le CEDUST. Elle est la plus grande base de données de ressources documentaires pour les Étudiants, Enseignants chercheurs et Chercheurs de Guinée.

Adresse

627 919 101/664 919 101

25 boulevard du commerce
Kaloum, Conakry, Guinée

Réseaux sociaux

Powered by Netsen Group @ 2025